00452nam a2200181Ia 4500003000400000005001700004008004100021020002200062040000700084041000800091082001900099100002300118245004500141260003900186300001200225365001300237650002000250OSt20230530104615.0210423s2014 xx 000 0 und d a978-93-84247-10-2 cAL aeng a823.91409 BADN aBADGUJAR (Avinash) aNovels of Amitav Ghosh: a critical study aKanpurbChandralok Prakashanc2014 a263bHB b950cINR aEnglish Fiction